MICO is CORBA : a CORBA 2.2 compliant implementation

Αποθηκεύτηκε σε:
Λεπτομέρειες βιβλιογραφικής εγγραφής
Κύριος συγγραφέας: Puder, Arno
Άλλοι συγγραφείς: Romer, Kay
Μορφή: Βιβλίο
Γλώσσα:English
Δημοσίευση: Heidelberg : Dpunkt Verlag, c1999
Θέματα:
Ετικέτες: Προσθήκη ετικέτας
Δεν υπάρχουν, Καταχωρήστε ετικέτα πρώτοι!

MARC

LEADER 00000cam a2200000 i 4500
001 1/17690
008 010228s1999 eng d
020 |a 3-932588-42-8 
035 |l 10066228 
040 |a GR-MY-UA  |b gre  |e aacr 
041 0 |a eng 
082 0 |a 005.276 
100 1 |a Puder, Arno. 
245 1 0 |a MICO is CORBA :  |b a CORBA 2.2 compliant implementation /  |c Arno Puder, Kay Romer 
260 |a Heidelberg :   |b Dpunkt Verlag,   |c c1999 
300 |a xii, 155 p.  |e 1 computer laser optical disc (4 3/4 in.) 
500 |a MICO 2.2.2, software + manual 
504 |a Includes bibliography and indexes 
650 0 0 |a Object-oriented programming (Computer science) 
650 0 0 |a CORBA (Computer architecture) 
700 1 |a Romer, Kay. 
852 |a INST  |b CHIOS  |e 20010228  |h 005.276 PUD  |p 005200021334  |q 005200021334  |t BK  |y 0 
852 |a INST  |b CHIOS  |e 20010228  |h 005.276 PUD   |p 005200021453  |q 005200021453  |t BK  |y 0 
901 |a BIBL2-2001-1 
909 |a Χ  |b 083509 
909 |a Χ  |b 083514 
970 |a ΣΠΕΝΤΖΑ  |b ΕΛΕΝΗ  |z 2001/02/28